[Event "Szekszard op"]
[Site "Szekszard"]
[Date "1989.??.??"]
[Round "4"]
[White "Luther, Thomas"]
[Black "Kormanyos, Zoltan"]
[Result "1-0"]
[WhiteElo "2410"]
[BlackElo "2310"]

1.e4 c5 2.Nf3 e6 3.d4 cxd4 4.Nxd4 Nc6 5.Nc3 Qc7 6.Be2 Nf6 7.Be3 a6 8.O-O b5
9.Nxc6 dxc6 10.f4 Bb7 11.e5 Rd8 12.Qe1 Nd5 13.Nxd5 cxd5 14.c3 Bc5 15.Bd4 Bxd4+
16.cxd4 Qb6 17.Qb4 Qc7 18.a4 bxa4 19.Rfc1 Qe7 20.Qxa4+ Qd7 21.Qb4 Qe7 22.Qa4+ Qd7
23.Qa5 Rc8 24.Rxc8+ Qxc8 25.Qb4 f6 26.Bh5+ g6 27.exf6 Qd7 28.f5 exf5 29.Re1+ Kd8
30.Re7 Qc6 31.Rxb7 gxh5 32.Rb8+ Kc7 33.Rxh8 Qc1+ 34.Kf2 Qc2+ 35.Ke1 Qe4+
36.Kd1 Qd3+ 37.Qd2 Qf1+ 38.Kc2  1-0

[Event "FIN-ch"]
[Site "Tampere"]
[Date "1989.??.??"]
[Round "?"]
[White "Ristoja, Thomas W"]
[Black "Pyhala, Antti"]
[Result "0-1"]
[WhiteElo "2275"]
[BlackElo "2385"]

1.e4 c5 2.Nf3 e6 3.d4 cxd4 4.Nxd4 Nc6 5.Nc3 Qc7 6.g3 a6 7.Bg2 Nf6 8.O-O Nxd4
9.Qxd4 Bc5 10.Bf4 d6 11.Qd3 Nd7 12.Na4 e5 13.Bg5 h6 14.Bd2 b5 15.Nxc5 Nxc5
16.Qe2 Be6 17.b3 g5 18.Rac1 Rc8 19.h3 f6 20.Kh2 h5 21.f4 h4 22.fxg5 hxg3+
23.Kxg3 Qh7 24.Rh1 Qh4+ 25.Kh2 fxg5 26.Kg1 Kd7 27.Be1 Qf4 28.Bd2 Qf6 29.Rf1 Qg6
30.Rd1 Rh4 31.Bb4 g4 32.hxg4 Rxh1+ 33.Kxh1 Bxg4 34.Qf2  0-1

[Event "Tapolca"]
[Site "Tapolca"]
[Date "1989.??.??"]
[Round "?"]
[White "Payen, Arnaud"]
[Black "Banas, Jan"]
[Result "1/2-1/2"]
[WhiteElo "2240"]
[BlackElo "2410"]

1.e4 c5 2.Nf3 Nc6 3.d4 cxd4 4.Nxd4 e6 5.Nc3 a6 6.Be2 Qc7 7.O-O Nf6 8.Kh1 Be7
9.f4 d6 10.a4 O-O 11.Be3 Re8 12.Bf3 Bd7 13.Nb3 b6 14.e5 dxe5 15.fxe5 Qxe5
16.Bxb6 Rac8 17.Bf2  1/2-1/2

[Event "Toronto"]
[Site "Toronto"]
[Date "1989.??.??"]
[Round "5"]
[White "Wolff, Patrick G"]
[Black "Stone, Raymond"]
[Result "1-0"]
[WhiteElo "2485"]
[BlackElo "2345"]

1.e4 c5 2.Nf3 e6 3.d4 cxd4 4.Nxd4 Nc6 5.Nc3 Qc7 6.Be2 a6 7.f4 b5 8.Nxc6 Qxc6
9.Bf3 Bb7 10.Qd3 Qc7 11.a3 d6 12.f5 e5 13.Bg5 Be7 14.h4 Nf6 15.O-O-O O-O-O
16.g4 Kb8 17.Qe2 Rc8 18.Kb1 Qa5 19.Rd3 Rc4 20.Rhd1 Rhc8 21.Qe3 Bd8 22.Bxf6 gxf6
23.Qd2 b4 24.axb4 Qxb4 25.Nd5 Qc5 26.Ne3 Ba5 27.Qe2 Rxe4 28.Bxe4 Bxe4 29.Nd5 Bxd3
30.Rxd3 Bd8 31.Qd1 Qf2 32.Ne3 Ka7 33.Ra3 Bb6 34.Qxd6 Qe2 35.Ka2 Rb8 36.Rb3 Qe1
37.Nc4 Qg1 38.Nxb6  1-0

[Event "Tirnavia"]
[Site "Trnava"]
[Date "1989.??.??"]
[Round "?"]
[White "Mokry, Karel"]
[Black "Marjanovic, Slavoljub"]
[Result "1/2-1/2"]
[WhiteElo "2500"]
[BlackElo "2490"]

1.e4 c5 2.Nf3 e6 3.d4 cxd4 4.Nxd4 Nc6 5.Nc3 Qc7 6.g3 a6 7.Bg2 d6 8.O-O Bd7
9.Re1 Be7 10.Nxc6 Bxc6 11.Qg4 h5 12.Qe2 b5 13.Bd2 h4 14.a4 bxa4 15.Nxa4 hxg3
16.hxg3 Nf6 17.c4 Rb8 18.b4 Nd7 19.Nc3 Bb7 20.c5 dxc5 21.Nd5 Qd8 22.Nxe7 Qxe7
23.bxc5 Qxc5 24.Bf4 e5 25.Be3 Qe7 26.Rad1  1/2-1/2

[Event "Tirnavia"]
[Site "Trnava"]
[Date "1989.??.??"]
[Round "?"]
[White "Mokry, Karel"]
[Black "Plachetka, Jan"]
[Result "1/2-1/2"]
[WhiteElo "2500"]
[BlackElo "2450"]

1.e4 c5 2.Nf3 Nc6 3.d4 cxd4 4.Nxd4 e6 5.Nc3 Qc7 6.g3 a6 7.Bg2 d6 8.O-O Be7
9.Re1 Rb8 10.Nxc6 bxc6 11.e5 d5 12.Na4 c5 13.c4 d4 14.b3 h5 15.h4 g6 16.Nb2 Nh6
17.Bf4 Nf5 18.Qd2 Bb7 19.Bxb7  1/2-1/2

[Event "Tirnavia-C"]
[Site "Trnava"]
[Date "1989.??.??"]
[Round "4"]
[White "Brandner, Stefan"]
[Black "Frolov, Artur"]
[Result "1-0"]
[WhiteElo "2270"]
[BlackElo "2435"]

1.e4 c5 2.Nf3 e6 3.d4 cxd4 4.Nxd4 Nc6 5.Nc3 d6 6.Be2 Nge7 7.Nb3 Ng6 8.O-O Be7
9.Be3 O-O 10.f4 a6 11.a4 b6 12.Nd2 Rb8 13.Bc4 Bf6 14.Qe2 Qc7 15.f5 Nge5 16.Ba2 Nb4
17.Bb3 Qe7 18.Rae1 b5 19.axb5 axb5 20.Nf3 Nbc6 21.Nxe5 Nxe5 22.Kh1 Bd7 23.Qh5 Bc6
24.Bd4 b4 25.Nd1 Rbe8 26.Re3 Nd7 27.Rh3 h6 28.Be3 exf5 29.Bxh6 Qxe4 30.Ne3 gxh6
31.Rg3+ Kh7 32.Nxf5 Qf4 33.Kg1 Bd4+ 34.Nxd4 Qxd4+ 35.Kh1 Qf2 36.Bc4 Re1 37.Bd3+ Be4
38.Bxe4+ Rxe4 39.Rf3 Qd2 40.Qf5+ Kg7 41.Qxe4 Ne5 42.Rg3+ Kh8 43.Ra1 Rg8 44.Rxg8+ Kxg8
45.h3 b3 46.cxb3 Qxb2 47.Ra8+ Kg7 48.Qe3 Ng6 49.Ra4 Ne5 50.Rh4 Kg8 51.Qxh6 Qb1+
52.Kh2 Nf3+ 53.gxf3 Qb2+ 54.Kg3 Qe5+ 55.Rf4 Qe1+ 56.Kg4 f5+ 57.Kh5  1-0

[Event "Tirnavia-C"]
[Site "Trnava"]
[Date "1989.??.??"]
[Round "7"]
[White "Brandner, Stefan"]
[Black "Zakic, Srdjan"]
[Result "0-1"]
[WhiteElo "2270"]
[BlackElo "2330"]

1.e4 c5 2.Nf3 e6 3.d4 cxd4 4.Nxd4 Nc6 5.Nc3 d6 6.Be2 Nf6 7.O-O Be7 8.Be3 O-O
9.f4 a6 10.Qe1 Qc7 11.Rd1 Bd7 12.Qg3 Kh8 13.Kh1 b5 14.a3 Nxd4 15.Bxd4 Bc6
16.Bd3 e5 17.fxe5 Nh5 18.Qh3 dxe5 19.Bxe5 Qxe5 20.Rf5 Nf4 21.Qg3 Qxf5  0-1

[Event "Wch U20"]
[Site "Tunja"]
[Date "1989.??.??"]
[Round "3"]
[White "Brandner, Stefan"]
[Black "Hernandez, Gilberto"]
[Result "1/2-1/2"]
[WhiteElo "2305"]
[BlackElo "2300"]

1.e4 c5 2.Nf3 e6 3.d4 cxd4 4.Nxd4 Nc6 5.Nc3 Qc7 6.f4 a6 7.Be2 Nxd4 8.Qxd4 b5
9.Be3 Bb7 10.O-O Nf6 11.e5 Nd5 12.Nxd5 Bxd5 13.a4 b4 14.c4 bxc3 15.Rac1 Qb7
16.Rxc3 Bb4 17.Rc2 O-O 18.Bd3 f6 19.Rfc1 Bc6 20.exf6 Rxf6 21.Qe5 Be7 22.Bd4 Qb4
23.Qe3 Rf7 24.Rc4 Qb7 25.Qh3 h6 26.Qg4 Bf6 27.Bc5 Be7 28.Bxe7 Rxe7 29.Qg6 Qxb2
30.Be4 Bxe4 31.Rc8+ Re8 32.Qxe8+ Kh7 33.Qg8+ Kg6 34.Qe8+ Kh7 35.Qg8+ Kg6
36.f5+ exf5 37.Qe8+ Kh7 38.Qg8+ Kg6  1/2-1/2

[Event "Wch U20"]
[Site "Tunja"]
[Date "1989.??.??"]
[Round "9"]
[White "Sorensen, Jan"]
[Black "Hernandez, Gilberto"]
[Result "1-0"]
[WhiteElo "2335"]
[BlackElo "2300"]

1.e4 c5 2.Nf3 e6 3.d4 cxd4 4.Nxd4 Nc6 5.Nc3 Qc7 6.Be2 a6 7.O-O Nf6 8.Kh1 Nxd4
9.Qxd4 Bc5 10.Qd3 h5 11.f4 Ng4 12.e5 d6 13.exd6 Bxd6 14.Ne4 Be7 15.h3 Nh6
16.b3 Bd7 17.Bb2 Nf5 18.Be5 Qb6 19.Ng3 Nxg3+ 20.Qxg3 Bf6 21.Rad1 h4 22.Qd3 Bc6
23.Bxf6 gxf6 24.Bf3 Bxf3 25.Rxf3 Rd8 26.Qe2 Rxd1+ 27.Qxd1 Kf8 28.Rd3 Rh6
29.Qe2 Qc6 30.c4 Rg6 31.Qf3 Qxf3 32.Rxf3 e5 33.Re3 exf4 34.Rf3 Rg3 35.Rxf4 Rc3
36.Rxh4 Rc2 37.Rh8+ Kg7 38.Rb8 b5 39.cxb5 axb5 40.Rxb5 Rxa2 41.Kh2 Rb2 42.Kg3 Kg6
43.Kf3 f5 44.Rb6+ Kg5 45.Rb8 f6 46.Rb5 Kg6 47.h4 Rb1 48.Kg3 Rb2 49.Kh3 Rb1
50.Kg3 Rb2 51.Kf3 Rb1 52.g3 Rb2 53.h5+ Kh6 54.g4 fxg4+ 55.Kxg4 Rg2+ 56.Kf4 Rh2
57.Kg3 Rb2 58.Kf4 Rh2 59.Kg3 Rb2 60.b4 Rb1 61.Kf4 Rh1 62.Kg4 Rg1+ 63.Kf3 Rb1
64.Ke4 Re1+ 65.Kf5 Rf1+ 66.Ke6 Rf4 67.Kf7 Kh7 68.Rb6 f5 69.Kf6 Rf1 70.Kg5 f4
71.Kg4 f3 72.Kg3 Kg7 73.h6+ Kh7 74.b5 Kg8 75.Rb8+ Kh7 76.Rb6 Kg8 77.Rb7 f2
78.Rb6 Kh7 79.Kg2 Rb1 80.Kxf2 Rb4 81.Ke3 Rb1 82.Kd4 Rd1+ 83.Kc5 Rc1+ 84.Kd5 Rd1+
85.Kc6 Rc1+ 86.Kd7 Rb1 87.Rb8 Kxh6 88.Kc6 Kg7 89.Re8  1-0

[Event "Uzes op"]
[Site "Uzes"]
[Date "1989.??.??"]
[Round "9"]
[White "Ferrari, G."]
[Black "Weinsanto, Marc"]
[Result "0-1"]
[WhiteElo "1770"]
[BlackElo "2080"]

1.e4 c5 2.Nf3 e6 3.d4 cxd4 4.Nxd4 Nc6 5.Nc3 Qc7 6.Be3 a6 7.Be2 b5 8.Nxc6 Qxc6
9.Bf3 Bb7 10.e5 Qc7 11.Bxb7 Qxb7 12.O-O Qc7 13.f4 Nh6 14.Ne4 Nf5 15.Bf2 d5
16.Ng3 Nxg3 17.Bxg3 g6 18.c3 Be7 19.Bf2 O-O 20.Bd4 Rfc8 21.Qg4 Bc5 22.Bxc5 Qxc5+
23.Kh1 b4 24.Rac1 bxc3 25.Rxc3 Qb5 26.Rxc8+ Rxc8 27.Rg1 Qxb2 28.h4 h5 29.Qg5 d4
30.f5 exf5 31.e6 Qxa2 32.Re1 Re8 33.Qf6 Rxe6 34.Rxe6 Qxe6 35.Qxd4 Kf8 36.Qd8+ Kg7
37.Qd4+ Qf6 38.Qa4 f4  0-1

[Event "Val Maubuee op"]
[Site "Val Maubuee"]
[Date "1989.??.??"]
[Round "?"]
[White "Nadjar, A."]
[Black "Marazel, M."]
[Result "1-0"]
[WhiteElo "1750"]
[BlackElo "1890"]

1.e4 c5 2.Nf3 e6 3.d4 cxd4 4.Nxd4 Nc6 5.Nc3 Nf6 6.g4 Qb6 7.Ndb5 Ne5 8.Be3 Qc6
9.Nd4 Qc7 10.Ncb5 Qb8 11.f3 a6 12.Nc3 Ng6 13.h4 h5 14.g5 Ng8 15.Qd2 Bb4 16.a3 Ba5
17.O-O-O Bc7 18.Nce2 b5 19.f4 a5 20.f5 Ne5 21.fxe6 fxe6 22.Bh3 Nc4 23.Qc3 Ne7
24.Rhf1 Rg8 25.Bg1 Be5 26.Qf3 Nf5 27.exf5 Bb7 28.Qxh5+ g6 29.fxg6 Bd5 30.g7+ Ke7
31.Bxe6 Nb6 32.Bxd5 Nxd5 33.Qf7+ Kd6 34.Nf5+ Kc7 35.Qxd5  1-0

[Event "Val Maubuee"]
[Site "Val Maubuee"]
[Date "1989.??.??"]
[Round "9"]
[White "Apicella, Manuel"]
[Black "Kosten, Anthony C"]
[Result "0-1"]
[WhiteElo "2400"]
[BlackElo "2505"]

1.e4 c5 2.Nf3 Nc6 3.Nc3 e6 4.d4 cxd4 5.Nxd4 Nf6 6.Be2 Bb4 7.O-O Bxc3 8.bxc3 Nxd4
9.Qd3 d5 10.Ba3 Nxe4 11.Qxd4 f6 12.Rab1 b6 13.Rbd1 Bb7 14.Bf3 Ng5 15.Bh5+ g6
16.f4 Nh3+ 17.gxh3 gxh5 18.Rfe1 Kf7 19.Qe3 Qc8 20.Qf3 Rg8+ 21.Kf2 Qc4 22.Rg1 Rg6
23.f5 exf5 24.Qxf5 Qc7 25.Rg3 h4 26.Rg2 Rxg2+ 27.Kxg2 Rg8+ 28.Kf1 Ba6+ 29.Rd3 Bxd3+
30.cxd3 Kg7 31.c4 Qe5 32.Qxe5 fxe5 33.cxd5 Kf6 34.Kf2 Rc8  0-1

[Event "Val Thorens"]
[Site "Val Thorens"]
[Date "1989.??.??"]
[Round "2"]
[White "Olivier, Jean Christophe"]
[Black "Werner, Marc"]
[Result "1/2-1/2"]
[WhiteElo "2260"]
[BlackElo "2360"]

1.e4 c5 2.Nf3 e6 3.d4 cxd4 4.Nxd4 Nc6 5.Nc3 Qc7 6.g3 a6 7.Bg2 d6 8.O-O Bd7
9.Re1 Be7 10.Nxc6 Bxc6 11.Qg4 h5 12.Qe2 Nf6 13.Bf4 Rc8 14.h3 h4 15.g4 e5
16.Be3 Nh7 17.Qd2 Nf8 18.Rac1 Nd7 19.Nd5 Bxd5 20.exd5 O-O 21.c4 a5 22.Kh1 Rfe8
23.g5 Nc5 24.f4 exf4 25.Bxf4 Qd7 26.Kh2 Qf5 27.Rc3 Bf8 28.Rf1 Ne4 29.Qc2 g6
30.Re3 Ng3 31.Qxf5 Nxf1+ 32.Bxf1 gxf5 33.Rf3 Re1 34.Bd3 Rce8 35.Rf2 b6 36.Kg2 Ra1
37.a3 Ree1 38.Bxf5 Rg1+ 39.Kf3 Rgf1 40.Be3 Rxf2+ 41.Bxf2 Ra2 42.Bxb6 Rxb2
43.Bxa5 Rb3+  1/2-1/2

[Event "Val Thorens"]
[Site "Val Thorens"]
[Date "1989.??.??"]
[Round "3"]
[White "Chevallier, Didier"]
[Black "Marciano, David"]
[Result "0-1"]
[WhiteElo "2250"]
[BlackElo "2325"]

1.e4 c5 2.Nf3 e6 3.d4 cxd4 4.Nxd4 Nc6 5.Nc3 Qc7 6.Be2 a6 7.Be3 b5 8.O-O Bb7
9.Nxc6 Bxc6 10.Bf3 Nf6 11.e5 Qxe5 12.Bxc6 dxc6 13.Qf3 Nd5 14.Rfe1 Qf6 15.Qe4 Be7
16.Bd4 Qg6 17.Qxg6 hxg6 18.Bxg7 Rh4 19.Be5 Nxc3 20.Bxc3 Rd8 21.Rad1 Rc4 22.Rxd8+ Bxd8
23.Rd1 c5 24.Rd2 b4 25.Be5 Re4 26.f4 Bg5 27.Rd6 Bxf4 28.Bxf4 Rxf4 29.b3 Rd4
30.Rxa6 Rd2 31.Ra7 Rxc2 32.h4 Kf8 33.Kh2 Kg7 34.Kh3 e5 35.g4 e4 36.g5 e3
37.Kg3 Rf2 38.Re7 Rxa2 39.Rxe3 Rc2 40.Kf3 Kf8 41.Ke4 Rd2 42.Ke5 Rd4 43.Rh3 Ke7
44.Rg3 Rd2 45.Re3 Kf8 46.Rh3 Ke7 47.Re3 Rd1 48.Rh3 Rc1 49.Ke4 c4 50.Kd5 Rc3
51.Rh2 cxb3 52.Re2+ Kf8 53.Rh2 Rc2 54.Rh3 Rc3 55.Rh2 Kg7 56.Ke5 Rc4 57.Kd5 b2
58.Rxb2 Rxh4  0-1

[Event "Val Thorens"]
[Site "Val Thorens"]
[Date "1989.??.??"]
[Round "5"]
[White "Olivier, Jean Christophe"]
[Black "Marciano, David"]
[Result "1/2-1/2"]
[WhiteElo "2260"]
[BlackElo "2325"]

1.e4 c5 2.Nf3 e6 3.d4 cxd4 4.Nxd4 Nc6 5.Nc3 Qc7 6.g3 a6 7.Bg2 d6 8.O-O Bd7
9.Nce2 Nf6 10.b3 Be7 11.Bb2 O-O 12.c4 Rac8 13.Rc1 Qb8 14.Nxc6 Bxc6 15.Qd3 b6
16.Nd4 Bb7 17.Qe2 Qa8 18.Rfe1 Rfe8 19.Rcd1 Nd7 20.h4 Bf8 21.f4 Nc5 22.Nc2 d5
23.cxd5 exd5 24.e5 Ne4 25.Kh2 Nc3 26.Bxc3 Rxc3 27.Nd4 Qc8 28.Bh3 Qc5 29.h5 Bc8
30.Bxc8 Qxc8 31.Rd2 Bc5 32.Red1 f6 33.Qg2 Qg4 34.Qxd5+ Kh8 35.Rd3 Rxd3 36.Rxd3 Qxh5+
37.Kg2 fxe5 38.Nf3 Qg4 39.fxe5 h5 40.Qd7 Qxd7 41.Rxd7 Kh7 42.Rc7 a5 43.Rc6 g6  1/2-1/2

[Event "Vrnjacka Banja"]
[Site "Vrnjacka Banja"]
[Date "1989.??.??"]
[Round "?"]
[White "Hebden, Mark"]
[Black "Sahovic, Dragutin"]
[Result "0-1"]
[WhiteElo "2455"]
[BlackElo "2410"]

1.e4 c5 2.Nc3 Nc6 3.Nf3 e6 4.d4 cxd4 5.Nxd4 Qc7 6.f4 d6 7.Be3 Nf6 8.Be2 Be7
9.O-O O-O 10.Qe1 Bd7 11.Rd1 Nxd4 12.Bxd4 Bc6 13.Qg3 g6 14.Bd3 Nh5 15.Qf2 Nxf4
16.Qxf4 e5 17.Qf2 exd4 18.Qxd4 Qa5 19.Nd5 Bxd5 20.exd5 Qc5 21.Qxc5 dxc5 22.g4 Kg7
23.a4 Bd6 24.Kg2 Rae8 25.Rfe1 Rxe1 26.Rxe1 Rc8 27.Re3 Kf8 28.Bb5 a6 29.Bf1 c4
30.Be2 b5 31.axb5 axb5 32.h3 Ra8 33.b3 cxb3 34.cxb3 Ra2 35.Kf3 b4 36.Bb5 Be7
37.Ke4 Rc2 38.Rf3 Bd6 39.Kd4 Bc5+ 40.Ke4 Ke7 41.Bc4 f6 42.Rf1 Rc3 43.d6+ Bxd6
44.Ra1 Bc5 45.Kd5 Bf2 46.Ra2 Bg1 47.Ra4 Rxh3 48.Rxb4 h5 49.Rb7+ Kf8 50.gxh5 Rxh5+
51.Ke6 Bd4 52.Rf7+ Kg8 53.Rd7 Be5 54.b4 Rh7 55.Rd8+ Kg7 56.Bd5 Rh4 57.Rd7+ Kh6
58.Rb7 Kg5 59.Bc6 Rd4 60.b5 Rd6+ 61.Ke7 f5 62.Ra7 Bd4 63.Kxd6 Bxa7 64.Ke5 Bb8+
65.Kd4 Kf4 66.Be8 g5 67.Bd7 g4 68.Kd3 Kg5 69.Ke2 f4 70.Bc6 Ba7  0-1

[Event "Warsaw op"]
[Site "Warsaw"]
[Date "1989.??.??"]
[Round "?"]
[White "Sendera, Jaroslaw"]
[Black "Delekta, Piotr"]
[Result "1-0"]
[WhiteElo "2380"]
[BlackElo "2285"]

1.e4 c5 2.Nf3 e6 3.d4 cxd4 4.Nxd4 Nc6 5.Nc3 a6 6.g3 d6 7.Bg2 Bd7 8.O-O Nf6
9.Nce2 Be7 10.c4 Rc8 11.b3 b5 12.cxb5 Nxd4 13.Nxd4 axb5 14.Qe2 b4 15.Rd1 Qa5
16.Bb2 O-O 17.Nc2 Bc6 18.Nd4 Bb7 19.e5 Nd5 20.exd6 Bxd6 21.Nxe6 Rfe8 22.Qg4 g6
23.Bxd5 Bxd5 24.Qd4  1-0

[Event "Zenica"]
[Site "Zenica"]
[Date "1989.??.??"]
[Round "7"]
[White "Velimirovic, Dragoljub"]
[Black "Damljanovic, Branko"]
[Result "1-0"]
[WhiteElo "2530"]
[BlackElo "2530"]

1.e4 c5 2.Nf3 Nc6 3.d4 cxd4 4.Nxd4 e6 5.Nc3 Qc7 6.Be2 a6 7.O-O Nf6 8.Kh1 Be7
9.f4 d6 10.f5 Nxd4 11.Qxd4 O-O 12.g4 d5 13.exd5 exf5 14.gxf5 Bd6 15.Bf4 Re8
16.Bd3 b5 17.a4 b4 18.Qxb4 Bxb4 19.Bxc7 Bb7 20.Bg3 Bxc3 21.bxc3 Nxd5 22.Kg1 Nxc3
23.Rfe1 Be4 24.Kf2 Bxd3 25.Rxe8+ Rxe8 26.cxd3 g6 27.a5 gxf5 28.Rg1 Nd5 29.Be5+ Kf8
30.Bd6+ Ne7 31.Re1 f6 32.Kf3 Kf7 33.Bxe7 Rxe7 34.Rxe7+ Kxe7 35.Kf4 Ke6 36.h4 h5
37.d4 Kd5 38.Kxf5 Kxd4 39.Kxf6  1-0

[Event "JUG-chT"]
[Site "Zlatibor"]
[Date "1989.??.??"]
[Round "?"]
[White "Ilincic, Zlatko"]
[Black "Zelic, Zdravko"]
[Result "1-0"]
[WhiteElo "2485"]
[BlackElo "2395"]

1.e4 c5 2.Nf3 e6 3.d4 cxd4 4.Nxd4 Nc6 5.Nc3 d6 6.Be3 Nf6 7.Bc4 Be7 8.Qe2 a6
9.O-O-O Qc7 10.Bb3 O-O 11.Rhg1 Nd7 12.g4 Nc5 13.g5 Bd7 14.Qh5 Rfc8 15.Rg3 g6
16.Qh6 Bf8 17.Qh4 Be7 18.Nde2 Nxb3+ 19.axb3 Nb4 20.f4 Qa5 21.Kd2 e5 22.f5 Bb5
23.Rh3 h5 24.Ng3 Rxc3 25.bxc3 Na2 26.b4 Qc7 27.Bc5 dxc5 28.Nxh5 Rd8+ 29.Ke3 cxb4
30.Nf6+ Bxf6 31.Rxd8+ Qxd8 32.gxf6 Qb6+ 33.Kf3 Be2+ 34.Kxe2  1-0

[Event "JUG-chT"]
[Site "Zlatibor"]
[Date "1989.??.??"]
[Round "?"]
[White "Bogdanovic, Rajko"]
[Black "Paunovic, Dragan"]
[Result "0-1"]
[WhiteElo "2315"]
[BlackElo "2455"]

1.e4 c5 2.Nf3 Nc6 3.d4 cxd4 4.Nxd4 e6 5.Nc3 Qc7 6.Be2 a6 7.O-O Nf6 8.Be3 Be7
9.f4 d6 10.Bf3 O-O 11.Nxc6 bxc6 12.Na4 Rb8 13.c4 c5 14.b3 Bb7 15.Nc3 Nd7
16.Qc2 Rbd8 17.Rad1 Nb8 18.Rd2 Nc6 19.Rfd1 Bf6 20.Ne2 e5 21.f5 Qe7 22.Ng3 Nd4
23.Qc3 Bg5 24.Bxg5 Qxg5 25.Rf1 g6 26.Rdf2 h5 27.Qd3 Rfe8 28.fxg6 fxg6 29.Bd1 Rf8
30.Ne2 Rxf2 31.Rxf2 Rf8 32.Rxf8+ Kxf8 33.Nc3 Kg7 34.g3 h4 35.Kf2 hxg3+ 36.hxg3 Qh6
37.Kg1 Qh3 38.Qe3 Nf5 39.Qg5 Qxg3+ 40.Qxg3 Nxg3 41.Bf3 Nh5 42.a3 Nf4 43.Kf2 Bc8
44.b4 cxb4 45.axb4 Nd3+  0-1

[Event "JUG-chT"]
[Site "Zlatibor"]
[Date "1989.??.??"]
[Round "?"]
[White "Popovic, Petar"]
[Black "Cebalo, Miso"]
[Result "0-1"]
[WhiteElo "2550"]
[BlackElo "2485"]

1.e4 c5 2.Nf3 e6 3.d4 cxd4 4.Nxd4 Nc6 5.Nc3 d6 6.g3 Nf6 7.Bg2 Bd7 8.O-O a6
9.a4 Be7 10.Nb3 Qc7 11.f4 Nb4 12.Be3 O-O 13.a5 Rac8 14.Rf2 e5 15.f5 h6 16.Rd2 Qb8
17.Na4 Bxa4 18.Rxa4 Nc6 19.Ra1 Rfd8 20.c3 Rd7 21.Kh1 Bd8 22.Rd3 b6 23.axb6 Bxb6
24.Rxa6 Bxe3 25.Rxe3 Rb7 26.Ra3 Na7 27.Rd3 Nb5 28.Ra1 Nxc3 29.bxc3 Rxb3 30.Rxd6 Rbxc3
31.Rd3 Qb2 32.Rxc3 Rxc3 33.Rb1 Qa2 34.Ra1 Qc4 35.Qe1 Rc2 36.Bf3 Qd3 37.Bg2 Re2
38.Qd1 Rd2 39.Qe1 Ng4 40.h3 Ne3  0-1

[Event "JUG-chT"]
[Site "Zlatibor"]
[Date "1989.??.??"]
[Round "?"]
[White "Todorovic, Milorad"]
[Black "Zarkovic, Jugoslav"]
[Result "1/2-1/2"]
[WhiteElo "2410"]
[BlackElo "2395"]

1.e4 c5 2.Nf3 e6 3.d4 cxd4 4.Nxd4 Nc6 5.Nc3 Qc7 6.Be3 a6 7.Be2 b5 8.Nxc6 Qxc6
9.Bf3 Qc7 10.e5 Bb7 11.Bxb7 Qxb7 12.Qd3 Qxg2 13.O-O-O Qc6 14.Rhg1 Ne7 15.Bc5 Nf5
16.Bxf8 Rxf8 17.Ne4 f6 18.Nd6+ Nxd6 19.exd6 g6 20.Rg3 Rc8 21.Kb1 Qc4 22.Qd2 b4
23.a3 a5 24.Rb3 Rc5 25.axb4 Rd5 26.Qe1 axb4 27.Rxd5 Qxd5 28.Qxb4 Kf7 29.Qb7 Qxb7
30.Rxb7 Rd8 31.c4 e5 32.Kc2 Ke6 33.c5 Kd5 34.b4 Kc4 35.Kd2 f5 36.Ke3 g5 37.f3 h5
38.h3 h4 39.Rb6 Kd5 40.Rb7 Ke6 41.b5 g4 42.hxg4 fxg4 43.fxg4 h3 44.Kf2 e4
45.Kg3 e3 46.Ra7 Kd5 47.c6 dxc6 48.bxc6 Kxd6 49.Kxh3 Re8 50.Ra1 Kxc6 51.Kg3 Kd5
52.Kf3 e2 53.Re1 Rf8+  1/2-1/2

[Event "Klee mem"]
[Site "Zuerich"]
[Date "1989.??.??"]
[Round "5"]
[White "Gallagher, Joseph G"]
[Black "Kaenel, Hansjuerg"]
[Result "1-0"]
[WhiteElo "2445"]
[BlackElo "2365"]

1.e4 c5 2.Nf3 e6 3.d4 cxd4 4.Nxd4 Nc6 5.Nc3 Qc7 6.Be2 a6 7.Be3 Nf6 8.O-O Bb4
9.Na4 O-O 10.c4 Nxe4 11.Bf3 f5 12.c5 Ba5 13.Nb3 Nf6 14.Nxa5 Nxa5 15.Nb6 Rb8
16.Qa4 Nc6 17.Rfd1 e5 18.Bg5 e4 19.Bxf6 gxf6 20.Be2 Qe5 21.Qb3+ Kh8 22.Rd5 Qe6
23.Qh3 Ne7 24.Rd6 Qg8 25.Qg3 Qxg3 26.hxg3 Kg7 27.Rad1 Kg6 28.f4 h5 29.Kf2 Rh8
30.Ke3 Rh6 31.Rh1 Kg7 32.Rxh5 Rxh5 33.Bxh5 Nc6 34.a3 Nd8 35.b4 Ne6 36.Be2 Kf8
37.Rxd7 Bxd7 38.Nxd7+ Ke7 39.Nxb8 Nd8 40.c6 bxc6  1-0

[Event "Zug"]
[Site "Zug"]
[Date "1989.??.??"]
[Round "?"]
[White "Lane, Gary W"]
[Black "Gallagher, Joseph G"]
[Result "1/2-1/2"]
[WhiteElo "2385"]
[BlackElo "2445"]

1.e4 c5 2.Nc3 Nc6 3.Nge2 e6 4.d4 cxd4 5.Nxd4 Nf6 6.Ndb5 d6 7.Bf4 e5 8.Bg5 a6
9.Na3 b5 10.Nd5 Qa5+ 11.Bd2 Qd8 12.Bg5 Be7 13.Bxf6 Bxf6 14.c3 O-O 15.Nc2 Rb8  1/2-1/2

[Event "Altensteig"]
[Site "Altensteig"]
[Date "1990.??.??"]
[Round "3"]
[White "Luther, Thomas"]
[Black "Rajkovic, Dusan"]
[Result "1-0"]
[WhiteElo "2385"]
[BlackElo "2485"]

1.e4 c5 2.Nf3 e6 3.d4 cxd4 4.Nxd4 Nc6 5.Nc3 Qc7 6.Be2 a6 7.Be3 b5 8.Nxc6 Qxc6
9.f4 Bb7 10.Bf3 Rc8 11.e5 Qc7 12.Ne4 Nh6 13.O-O Be7 14.a4 b4 15.a5 Bd5 16.Bb6 Qc6
17.Qe1 Nf5 18.g4 Nh4 19.Bh1 h5 20.g5 Nf5 21.Rc1 Qc4 22.b3 Qb5 23.Bf3 Bd8
24.Bxd8 Kxd8 25.c4 bxc3 26.Rxc3 Rc6 27.Rxc6 Bxc6 28.Qc3 h4 29.Rd1 Bxe4 30.Bxe4 Ke7
31.Bd3 Qd5 32.Qb4+ d6 33.Bc2 Qc5+ 34.Qxc5 dxc5 35.Bxf5 exf5 36.Rd6 Rb8 37.Rb6 Rc8
38.Kf2 c4 39.bxc4 Rxc4 40.Kf3 Rc3+ 41.Kg2 Rc2+ 42.Kh3 Rc4 43.g6 fxg6 44.Rxa6 Rxf4
45.Ra8 Kd7 46.a6 Kc7 47.e6  1-0

[Event "OHRA-B"]
[Site "Amsterdam"]
[Date "1990.??.??"]
[Round "9"]
[White "Martens, Martin"]
[Black "Polgar, Sofia"]
[Result "1/2-1/2"]
[WhiteElo "2325"]
[BlackElo "2425"]

1.e4 c5 2.Nf3 e6 3.d4 cxd4 4.Nxd4 Nc6 5.Nc3 Qc7 6.g3 d6 7.Bg2 a6 8.O-O Be7
9.Re1 Bd7 10.Nxc6 bxc6 11.Na4 Rd8 12.c4 c5 13.Nc3 Bf6 14.Bf4 Be5 15.Bxe5 dxe5
16.Qg4 g6 17.f4 Ne7 18.Qg5 Nc6 19.Nd5 exd5 20.exd5 O-O 21.dxc6 f6 22.Bd5+ Kg7
23.Qh4 Bxc6 24.fxe5  1/2-1/2

[Event "FRA-ch"]
[Site "Angers"]
[Date "1990.??.??"]
[Round "2"]
[White "Guyot, Philippe"]
[Black "Villeneuve, Alain"]
[Result "0-1"]
[WhiteElo "2340"]
[BlackElo "2330"]

1.e4 c5 2.Nf3 Nc6 3.d4 cxd4 4.Nxd4 e6 5.Nc3 Qc7 6.Nxc6 dxc6 7.Bd3 Nf6 8.O-O e5
9.f4 Bc5+ 10.Kh1 O-O 11.Qe1 Bd6 12.f5 h6 13.Bxh6 gxh6 14.Qh4 Kg7 15.g4 Nh7
16.f6+ Kh8 17.Nd5 Qd7 18.Rf5 Rg8 19.Qxh6 Rg6 20.Qh4 Qe8 21.Ne7 Bxf5 22.exf5 Rxf6
23.Ng6+ fxg6 24.fxg6 Rxg6  0-1

[Event "JUG-chT FL"]
[Site "Arandjelovac"]
[Date "1990.??.??"]
[Round "1"]
[White "Kovacevic, Predrag"]
[Black "Nikolic, Vasilije"]
[Result "1/2-1/2"]
[WhiteElo "2390"]
[BlackElo "2320"]

1.e4 c5 2.Nf3 e6 3.Nc3 Nc6 4.d4 cxd4 5.Nxd4 Qc7 6.g3 a6 7.Bg2 Nf6 8.O-O d6
9.Be3 Bd7 10.Nxc6 Bxc6 11.a4 Be7 12.a5 Rc8 13.Bb6 Qb8 14.Re1 O-O 15.Nd5 exd5
16.exd5 Nxd5 17.Bxd5 Bxd5 18.Qxd5 Bf6 19.c3 Rc6 20.Ra4 Re8 21.Rae4 Rxe4 22.Qxe4 Qf8
23.f4 g6 24.Qe8 Kg7 25.Kf2 h5 26.Re2 Rc4 27.Kf3 Rc6 28.Qd7 Qc8 29.Qxc8 Rxc8
30.Rd2 Rc6 31.Ke4 Kf8 32.Kd5 Ke7 33.Rf2 Kd7 34.c4 Bd8 35.Bxd8 Rc5+ 36.Kd4 Kxd8
37.b4 Rf5 38.h3 Rf6 39.b5 Rf5 40.g4 hxg4 41.hxg4 Rc5 42.Rb2 Ke7 43.Rb1 Ke6
44.Re1+ Kd7 45.Rb1 Ke6  1/2-1/2

[Event "JUG-chT FL"]
[Site "Arandjelovac"]
[Date "1990.??.??"]
[Round "1"]
[White "Medjedovic, Jadranka"]
[Black "Micic, Snezana"]
[Result "0-1"]
[WhiteElo "2060"]
[BlackElo "2140"]

1.e4 c5 2.Nf3 e6 3.d4 cxd4 4.Nxd4 Nc6 5.Nc3 d6 6.Be2 Nf6 7.O-O Be7 8.Kh1 O-O
9.f4 Qc7 10.Be3 Bd7 11.Qe1 Nxd4 12.Bxd4 Bc6 13.Bf3 e5 14.Be3 b5 15.Bd2 Nd7
16.f5 Nb6 17.Qg3 Kh8 18.Rf2 Nc4 19.Bc1 Qd8 20.Qg4 Qb6 21.Nd1 Qd4 22.c3 Qd3
23.b3 Nb6 24.Bd2 b4 25.Nb2 Qa6 26.cxb4 d5 27.Be2 Qb7 28.b5 Bd7 29.exd5 Nxd5
30.a4 Nf6 31.Qf3 e4 32.Qf4 Qd5 33.Bc4 Qd4 34.Rb1 Bd6 35.Qe3 Qe5 36.Rff1 Qxh2+  0-1

[Event "JUG-chT FL"]
[Site "Arandjelovac"]
[Date "1990.??.??"]
[Round "1"]
[White "Manic, Jovica"]
[Black "Petkovski, Vlatko"]
[Result "0-1"]
[WhiteElo "2360"]
[BlackElo "2340"]

1.e4 c5 2.Nf3 e6 3.d4 cxd4 4.Nxd4 Nc6 5.Nc3 a6 6.f4 Qc7 7.Nf3 d6 8.Bd3 Nf6
9.O-O Be7 10.Qe1 Nd7 11.Kh1 b5 12.a4 bxa4 13.Nxa4 O-O 14.Bd2 Rb8 15.b4 d5
16.Rb1 dxe4 17.Qxe4 Nf6 18.Qc4 Bd6 19.Nc5 Nd5 20.c3 Na5 21.bxa5 Rxb1 22.Rxb1 Bxc5
23.f5 Qd6 24.fxe6 fxe6 25.Qe4 Nf6 26.Qe2 Rd8 27.Bc4 Ng4 28.Rf1 h6 29.h3 Nf6
30.Be3 Nh5 31.Qf2 Bxe3 32.Qxe3 Ng3+ 33.Kg1 Nxf1 34.Bxf1 Bb7 35.Ne5 Rc8 36.Kh1 Qd1
37.Kg1 Rf8 38.Qd3 Qxd3 39.Bxd3 Rc8 40.Bc4 Bd5  0-1

[Event "JUG-chT FL"]
[Site "Arandjelovac"]
[Date "1990.??.??"]
[Round "2"]
[White "Petkovski, Vlatko"]
[Black "Pikula, Dejan"]
[Result "1/2-1/2"]
[WhiteElo "2340"]
[BlackElo "2270"]

1.e4 c5 2.Nf3 e6 3.d4 cxd4 4.Nxd4 Nc6 5.Nc3 d6 6.f4 Nf6 7.Nf3 a6 8.Bd3 Be7
9.O-O O-O 10.Qe1 Nb4 11.Kh1 b5 12.a3 Nxd3 13.cxd3 Bd7 14.Bd2 a5 15.Ne2 Qb6
16.Ng3 b4 17.axb4 axb4 18.Rxa8 Rxa8 19.e5 Nd5 20.exd6 Bxd6 21.Ne5 Bb5 22.Nc4 Qc7
23.Qe4 Bxc4 24.dxc4 Nb6 25.b3 g6 26.Be3 Ra3 27.Qd4 Nc8 28.c5  1/2-1/2